<?xml version="1.0" encoding="UTF-8"?><?xml-stylesheet type="text/xsl" href="static/style.xsl"?><OAI-PMH xmlns="http://www.openarchives.org/OAI/2.0/" xmlns:xsi="http://www.w3.org/2001/XMLSchema-instance" xsi:schemaLocation="http://www.openarchives.org/OAI/2.0/ http://www.openarchives.org/OAI/2.0/OAI-PMH.xsd"><responseDate>2026-06-05T12:17:26Z</responseDate><request verb="GetRecord" identifier="oai:riuma.uma.es:10630/24982" metadataPrefix="marc">https://riuma.uma.es/rest/oai/request</request><GetRecord><record><header><identifier>oai:riuma.uma.es:10630/24982</identifier><datestamp>2026-02-03T12:08:31Z</datestamp><setSpec>com_10630_2254</setSpec><setSpec>col_10630_37959</setSpec></header><metadata><record xmlns="http://www.loc.gov/MARC21/slim" xmlns:dcterms="http://purl.org/dc/terms/" xmlns:doc="http://www.lyncode.com/xoai" xmlns:xsi="http://www.w3.org/2001/XMLSchema-instance" xsi:schemaLocation="http://www.loc.gov/MARC21/slim http://www.loc.gov/standards/marcxml/schema/MARC21slim.xsd">
   <leader>00925njm 22002777a 4500</leader>
   <datafield ind2=" " ind1=" " tag="042">
      <subfield code="a">dc</subfield>
   </datafield>
   <datafield ind2=" " ind1=" " tag="720">
      <subfield code="a">Lupión-Cobos, Teresa</subfield>
      <subfield code="e">author</subfield>
   </datafield>
   <datafield ind2=" " ind1=" " tag="720">
      <subfield code="a">Crespo-Gómez, José Ignacio</subfield>
      <subfield code="e">author</subfield>
   </datafield>
   <datafield ind2=" " ind1=" " tag="720">
      <subfield code="a">Alarcón-Orozco, Marta</subfield>
      <subfield code="e">author</subfield>
   </datafield>
   <datafield ind2=" " ind1=" " tag="260">
      <subfield code="c">2022-09</subfield>
   </datafield>
   <datafield ind2=" " ind1=" " tag="520">
      <subfield code="a">Este trabajo analiza el diseño de un proyecto sobre la alimentación saludable, siguiendo la metodología del ABP y un tratamiento interdisciplinar e integrador del currículo de Educación Primaria (EP), orientado a promover las competencias científicas mediante prácticas de indagación escolar. La propuesta fue diseñada por maestros del segundo ciclo en su iniciación formativa en estas metodologías, en una intervención educativa del proyecto IndagaSTEAM Escuela.&#xd;
El diseño realizado se ha valorado con la rúbrica ABPMap que analiza las componentes didácticas vinculadas a la competencia científica y el papel de la apertura de las actividades e interdisciplinariedad que conllevan. Los resultados muestran un nivel de desarrollo medio-bajo en las componentes analizadas. Así, contexto y contenido son las de mayor nivel de logro mientras que conflicto, discurso, grado de apertura e interdisciplinariedad, son manifiestamente mejorables. Se constata la necesidad de seguir profundizando en la formación docente para la transferencia de estas estrategias al aula</subfield>
   </datafield>
   <datafield ind1="8" ind2=" " tag="024">
      <subfield code="a">Lupión-Cobos, T., Crespo-Gómez, J.I. y Alarcón-Orozco, M. (2022).Análisis del diseño de un proyecto ABP STEAM para educación primaria sobre alimentación saludable. En Benarroch Benarroch, A. (Ed.). Actas de 30 Encuentros Internacionales de didáctica de las ciencias Experimentales, pp. 1097-1102. Servicio Publicaciones UGR</subfield>
   </datafield>
   <datafield ind1="8" ind2=" " tag="024">
      <subfield code="a">https://hdl.handle.net/10630/24982</subfield>
   </datafield>
   <datafield tag="653" ind2=" " ind1=" ">
      <subfield code="a">Enseñanza primaria</subfield>
   </datafield>
   <datafield tag="653" ind2=" " ind1=" ">
      <subfield code="a">Profesores - Formación profesional</subfield>
   </datafield>
   <datafield tag="653" ind2=" " ind1=" ">
      <subfield code="a">Niños - Alimentación</subfield>
   </datafield>
   <datafield tag="653" ind2=" " ind1=" ">
      <subfield code="a">Nutrición</subfield>
   </datafield>
   <datafield ind2="0" ind1="0" tag="245">
      <subfield code="a">Análisis del diseño de un proyecto ABP STEAM para educación primaria sobre alimentación saludable</subfield>
   </datafield>
</record>
</metadata></record></GetRecord></OAI-PMH>